| 000 | 00514nam a2200205 a 4500 | ||
|---|---|---|---|
| 005 | 20210219152821.0 | ||
| 008 | 991125n 000 0 eng u | ||
| 035 | _aUPN01000062304 | ||
| 100 | _aHUBBARD, Lea | ||
| 222 | _aGENDER AND EDUCATION | ||
| 245 | _aA Gendered look at educational reform | ||
| 260 | _aReino Unido | ||
| 300 | _a115-129 | ||
| 362 | _a2000 Vol. 12, no. 1 | ||
| 653 | 0 | _aGENERO | |
| 653 | 0 | _aMUJERES | |
| 700 | _aDATNOW, Amanda, coaut. | ||
| 904 |
_aAC _b000115 |
||
| 905 | _aArticulo | ||
| 999 |
_c61641 _d61641 |
||